Pagbasa at pagsusuri sa iba’t ibang teksto tungo sa pananaliksik / Remedios A. Sanchez, LLB, EdD, Fema Arreola, EdD, Minsoware S. Bacolod, MAEd, EdD. (Record no. 21349)

000 -LEADER
fixed length control field 00726nam a22001817a 4500
020 ## - INTERNATIONAL STANDARD BOOK NUMBER
ISBN 9786214271474
082 ## - DEWEY DECIMAL CLASSIFICATION NUMBER
Classification number 499.211
Item number Sa2117 2023
100 ## - MAIN ENTRY--AUTHOR NAME
Personal name Sanchez, Remedios A., author.
245 ## - TITLE STATEMENT
Title Pagbasa at pagsusuri sa iba’t ibang teksto tungo sa pananaliksik / Remedios A. Sanchez, LLB, EdD, Fema Arreola, EdD, Minsoware S. Bacolod, MAEd, EdD.
260 ## - PUBLICATION, DISTRIBUTION, ETC. (IMPRINT)
Place of publication Manila :
Name of publisher Unlimited Books Library Services & Publishing Inc.,
Year of publication ©2023.
300 ## - PHYSICAL DESCRIPTION
Number of Pages xi, 254 pages ;
Other physical details 26 cm
500 ## - GENERAL NOTE
General note Includes bibliographical references.
650 ## - SUBJECT ADDED ENTRY--TOPICAL TERM
Topical Term Filipino language -- Study and teaching.
650 ## - SUBJECT ADDED ENTRY--TOPICAL TERM
Topical Term Academic writing – Study and teaching (Higher).
700 ## - ADDED ENTRY--PERSONAL NAME
Personal name Arreola, Fema.
700 ## - ADDED ENTRY--PERSONAL NAME
Personal name Bacolod, Minsoware S.
942 ## - ADDED ENTRY ELEMENTS (KOHA)
Koha item type Books
Holdings
Source of acquisition Permanent Location Date acquired Koha item type Collection code Accession Number Lost status Shelving location Withdrawn status Current Location Full call number
SchoolCagayan State University - Carig Library2025-09-05BooksLanguages011192 General Collection Cagayan State University - Carig Library499.211 Sa2117 2023
SchoolCagayan State University - Carig Library2025-09-05BooksLanguages011193 General Collection Cagayan State University - Carig Library499.211 Sa2117 2023
SchoolCagayan State University - Carig Library2025-09-05BooksLanguages011194 General Collection Cagayan State University - Carig Library499.211 Sa2117 2023

Cagayan State University University Library, Carig Campus
Tuguegarao City, Cagayan 3500 | www.csucarig.edu.ph

Powered by Koha